| 000 | 00383pab a2200157 454500 | ||
|---|---|---|---|
| 008 | 180718b2004 xxu||||| |||| 00| 0 eng d | ||
| 100 | _aLang, Tim | ||
| 245 | _aDiet and nutrition policy: a clash of ideas or investment? | ||
| 260 | _c2004 | ||
| 300 | _ap.64-74. | ||
| 362 | _aJun | ||
| 650 | _aNutrition | ||
| 700 | _aHeasman, Michael | ||
| 773 | _aDevelopment | ||
| 909 | _a61851 | ||
| 999 |
_c61851 _d61851 |
||